| 000 | 00395nam a22001697a 4500 | ||
|---|---|---|---|
| 003 | NUST | ||
| 020 | _a8175154241 | ||
| 038 | _akhadija | ||
| 082 |
_a670.4223 _bKAP |
||
| 100 |
_aKapoor,V. _987083 |
||
| 245 |
_aWorkshop Practice Manual / _cV. Kapoor |
||
| 260 |
_aNew Delhi: _bGalgotia; _c2006. |
||
| 300 |
_a681p. ; _b22 cm. |
||
| 500 | _aPaperback. | ||
| 563 | _apaper back | ||
| 942 |
_cBK _2ddc |
||
| 999 |
_c32572 _d32572 |
||